Các biện pháp quản lý hoạt động dạy học của hiệu trường Tiểu học dạy 2 buổi/ngày trên địa bàn quận Ngũ Hành Sơn thành phố Đà Nẵng

Cơ sở lý luận về quản lý hoạt động dạy học của hiệu trưởng trường tiểu học dạy 2 buổingày; Thực trạng quản lý hoạt động dạy học của hiệu trưởng trường tiểu học dạy 2 buổingày trên địa bàn quận Ngũ Hành Sơn thành phố Đà Nẵng; Các biện pháp quản lý hoạt động dạy học của hiệu trưởng trường tiểu học dạy...

Πλήρης περιγραφή

Αποθηκεύτηκε σε:
Λεπτομέρειες βιβλιογραφικής εγγραφής
Κύριος συγγραφέας: Lê Thị Hải Yến
Άλλοι συγγραφείς: Huỳnh Thị Tam Thanh T.S (Hướng dẫn)
Μορφή: Βιβλίο
Έκδοση: Đà Nẵng Đại học Đà Nẵng 2012
Θέματα:
Ετικέτες: Προσθήκη ετικέτας
Δεν υπάρχουν, Καταχωρήστε ετικέτα πρώτοι!
Thư viện lưu trữ: Mạng thư viện Đại học Đà Nẵng
LEADER 01978nam a2200313 4500
001 000017712
003 14138
005 20130903080946.0
008 130520s2012 sd
082 |a 372.114  |b LÊ-Y 
100 |a Lê Thị Hải Yến 
245 |a Các biện pháp quản lý hoạt động dạy học của hiệu trường Tiểu học dạy 2 buổi/ngày trên địa bàn quận Ngũ Hành Sơn thành phố Đà Nẵng  |c Lê Thị Hải Yến ; Huỳnh Thị Tam Thanh hướng dẫn.  |k Luận văn Thạc sĩ 
260 |a Đà Nẵng  |b Đại học Đà Nẵng  |c 2012 
300 |a 112 tr., phụ lục 8 tr.  |c 29 cm.  |e Đĩa CD, tài liệu tóm tắt 
500 |a Luận văn thạc sĩ Giáo dục học. Chuyên ngành : Quản lý giáo dục. Mã số: 60.14.05. 
520 |a Cơ sở lý luận về quản lý hoạt động dạy học của hiệu trưởng trường tiểu học dạy 2 buổingày; Thực trạng quản lý hoạt động dạy học của hiệu trưởng trường tiểu học dạy 2 buổingày trên địa bàn quận Ngũ Hành Sơn thành phố Đà Nẵng; Các biện pháp quản lý hoạt động dạy học của hiệu trưởng trường tiểu học dạy 2 buổi/ngày trên địa bàn quận Ngũ Hành Sơn... 
650 0 4 |a Giáo dục tiểu học  |v Luận văn tốt nghiệp  |x Quản lí  |z Đà Nẵng 
653 |a Giáo dục THPT  |a Quản lý giáo dục 
700 |a Huỳnh Thị Tam Thanh  |c T.S  |e Hướng dẫn 
OWN |a LSP 
AVA |a UDN50  |b LSP  |d 372.114 LÊ-Y  |e available  |t Error 5001 Not defined in file expand_doc_bib_avail.  |f 1  |g 0  |h N  |i 0  |k 1 
999 |a From the UDN01 
AVA |a UDN50  |b LSP  |d 372.114 LÊ-Y  |e available  |t Error 5001 Not defined in file expand_doc_bib_avail.  |f 1  |g 0  |h N  |i 0  |k 1 
TYP |a Monograph 
TYP |a Printed language 
980 |a Mạng thư viện Đại học Đà Nẵng